000 00332nam a2200145Ia 4500
008 151213s9999 xx 000 0 und d
100 _aEvely Waugh
245 _aScoop
_cEvely Waugh
250 _a1st
260 _aEngland
_bPenguing Books
_c1938
300 _a4610 p.
650 _aEnglish
700 _aEvely Waugh
999 _c2968
_d2968